000 00901nam a2200253Ia 4500
003 OSt
005 20220923210953.0
006 a|||||r|||| 00| 0
007 ta
008 220922b |||||||| |||| 00| 0 hin d
020 _a8126301198 (hbk)
_c120
024 _a246,122
037 _b0/00922-D5, 08/03/2011, Bharatiya Gyanpith
_cTextual
040 _aARTS
_cARTS
_bhin
041 _2hin
_ahin
082 _aO152,1N26x, N9
100 _aधर्मवीर भारती
_9156369
245 0 _aमेरी वाणी गैरिक वसना
246 _aMerī vāṇī gairik vasanā
260 _aनयी दिल्ली
_b भारतीय ज्ञानपीठ
_c1999
300 _a176पृ.
_ccm.
942 _hO152,1N26x, N9
_cTEXL
_2CC
999 _c293301
_d293301